| 000 | 00574nam a2200181Ia 4500 | ||
|---|---|---|---|
| 008 | 240729s9999 xx 000 0 und d | ||
| 022 | _a2159-6719 | ||
| 245 | 0 | _aInternational Journal of Odonatology | |
| 260 | _aUnited Kingdom | ||
| 260 | _bWorldwide Dragonfly Association | ||
| 650 | _a Biology (General) | Science | ||
| 650 | _a General. Including nature conservation, geographical distribution | ||
| 650 | _a Natural history (General) | ||
| 650 | _aScience | ||
| 856 | _uhttps://doaj.org/toc/7cd14fef84d640d286bf365a19b39838 | ||
| 942 | _2ddc | ||
| 942 | _cDOAJEJ | ||
| 999 |
_c66405 _d66405 |
||
| 945 |
_a1 _bMadushi Gamage _c1 _dMadushi Gamage |
||